000 00501nam a2200181Ia 4500
005 20250508151911.0
008 008 250505s9999 xx 000 0 hin d
037 _aTextual
040 _aFEDL
_beng
_cFEDL
041 _ahin
_2eng
084 _a153.6, JEP
_qFEDL
100 _aJepson R. W.
_941247
245 0 _aTeach you self to think
260 _aLondon, UK
_bEnglish Unversity Press Ltd.
_c1938
300 _avii,164p.
942 _cTEXL
_h153.6, JEP
999 _c1332822
_d1332822